000 00267nam a22001217a 4500
008 181101b xxu||||| |||| 00| 0 eng d
041 _aeng
080 _a610
100 _a3
101 _aSHM
245 _aBasic Clinical Parasitology
_cBelding.B
942 _2udc
_cBK
999 _c51407
_d51407